Maxima and minima with applications : (Record no. 344104)

000 -LEADER
fixed length control field 02297 a2200193 4500
020 ## - INTERNATIONAL STANDARD BOOK NUMBER
International Standard Book Number 0471252891
020 ## - INTERNATIONAL STANDARD BOOK NUMBER
International Standard Book Number 9780471252894
082 04 - DEWEY DECIMAL CLASSIFICATION NUMBER
Classification number 511.66
090 ## - LOCALLY ASSIGNED LC-TYPE CALL NUMBER (OCLC); LOCAL CALL NUMBER (RLIN)
-- 1586
-- 1586
100 1# - MAIN ENTRY--PERSONAL NAME
Personal name Kaplan, Wilfred.
245 10 - TITLE STATEMENT
Title Maxima and minima with applications :
Remainder of title practical optimization and duality /
Statement of responsibility, etc. Wilfred Kaplan.
260 ## - PUBLICATION, DISTRIBUTION, ETC.
Place of publication, distribution, etc. [S.l.] :
Name of publisher, distributor, etc. Wiley-Interscience,
Date of publication, distribution, etc. 1998.
300 ## - PHYSICAL DESCRIPTION
Extent 284 p. ;
Dimensions 25 cm.
500 ## - GENERAL NOTE
General note Hardcover.
520 ## - SUMMARY, ETC.
Summary, etc. This new work by Wilfred Kaplan, the distinguished author of influential mathematics and engineering texts, is destined to become a classic. Timely, concise, and content-driven, it provides an intermediate-level treatment of maxima, minima, and optimization. Assuming only a background in calculus and some linear algebra, Professor Kaplan presents topics in order of difficulty. In four short chapters, he describes basic concepts and geometric aspects of maxima and minima, progresses to problems with side conditions, introduces optimization and programming, and concludes with an in-depth discussion of research topics involving the duality theorems of Fenchel and Rockafellar. Throughout the text, the subject of convexity is gradually developed-from its theoretical underpinnings to problems, and finally, to its role in applications. Other features include: * A strong emphasis on practical applications of maxima and minima * An impressive array of supporting topics such as numerical analysis * An ample number of examples and problems * More than 60 illustrations highlighting the text * Algorithms to reinforce concepts * An appendix reviewing the prerequisite linear algebra Maxima and Minima with Applications is an ideal text for upper-undergraduate and graduate students taking courses in operations research, management, general engineering, and applied mathematics. It can also be used to supplement courses on linear and nonlinear optimization. This volume's broad scope makes it an excellent reference for professionals wishing to learn more about cutting-edge topics in optimization and mathematical programming.
856 40 - ELECTRONIC LOCATION AND ACCESS
Materials specified Amazon.com
Uniform Resource Identifier <a href="http://www.amazon.com/exec/obidos/ASIN/0471252891/chopaconline-20">http://www.amazon.com/exec/obidos/ASIN/0471252891/chopaconline-20</a>
856 40 - ELECTRONIC LOCATION AND ACCESS
Materials specified Amazon customer reviews
Uniform Resource Identifier <a href="http://www.chopac.org/cgi-bin/tools/azrev.pl?q=0471252891">http://www.chopac.org/cgi-bin/tools/azrev.pl?q=0471252891</a>
942 ## - ADDED ENTRY ELEMENTS (KOHA)
Institution code [OBSOLETE] NBS
Koha item type Book
Call number prefix 511.66 KAP
Holdings
Withdrawn status Lost status Damaged status Not for loan Permanent Location Current Location Date acquired Total Checkouts Full call number Barcode Date last seen Date last checked out Price effective from Koha item type
        Central Library (CL) Central Library (CL) 08/28/2013 1 511.66 KAP NBS5258 11/22/2017 08/25/2017 08/28/2013 Book
© 2023 Central Library, National University of Sciences and Technology. All Rights Reserved.